| 000 | 01335nam a2200337 c 4500 | ||
|---|---|---|---|
| 003 | BLK | ||
| 005 | 20180422111549.0 | ||
| 008 | 180409b bul|||||r ||||||| ||bul|| | ||
| 010 | _aKNG00137226000 | ||
| 040 | _aBLK | ||
| 041 |
_aBUL _cBUL |
||
| 080 |
_aФизика _b53 _x(075.8) _z53(075.8) |
||
| 700 | 1 |
_aГеоргиев, Георги Петров _eсъстав. _9378232 |
|
| 139 |
_aЛабораторен практикум по физика _bЛ 12 |
||
| 245 | 1 | 0 |
_aЛабораторен практикум по физика _cсъстав. Георги Петров Георгиев. |
| 250 | _a4. прераб. изд. | ||
| 257 | _aBGR | ||
| 260 |
_аРусе _bРусенски унив. Ангел Кънчев _c2003 |
||
| 300 |
_a154 с. _bс табл., черт. _c20 см |
||
| 380 | _a5 | ||
| 500 | _aИзд. на РУ А. Кънчев - Русе. Кат. Физика. - 100 тир. - Библиогр. с. 150-151. | ||
| 650 | 4 |
_aФизика - учебници за ВУЗ _9241824 |
|
| 653 | _aфизика | ||
| 653 | _aлабораторни упражнения | ||
| 653 | _aучебници за ВУЗ | ||
| 852 | _aЦб 257413 | ||
| 856 | 4 |
_qpdf _u |
|
| 856 | 4 |
_qpdf _u |
|
| 942 |
_cKNG _n0 |
||
| 944 |
_aCR _c07.11.2008 _lф / _kЛюдмила_Стоянова |
||
| 944 |
_aED _c05.10.2017 _lф / _kЛюдмила_Стоянова |
||
| 999 |
_c131409 _d131409 |
||